Statistics for Daily Country Riddle #45

Click here to take the quiz!

General Stats

  • This quiz has been taken 163 times
  • The average score is 9 of 13

Answer Stats

TypeAnswer% Correct
Found LetterA
98%
Found LetterR
94%
Found LetterN
92%
Found LetterO
78%
Correctly Placed LetterO
70%
Correctly Placed LetterR
69%
Found LetterW
69%
Correctly Placed LetterA
67%
Found LetterY
65%
Correctly Placed LetterY
63%
Correctly Placed LetterW
61%
Correctly Placed LetterN
59%
Mystery CountryNorway
59%

Score Distribution

Percentile by Number Answered

Percent of People with Each Score

Your Score History

You have not taken this quiz